El río y la forma: introducción a la geomorfología fluvial

Guardat en:
Dades bibliogràfiques
Autor principal: Elliot Munro, Simon (Autor)
Format: Llibre
Idioma:espanyol
Publicat: Santiago RIL 2010
Matèries:
Etiquetes: Afegir etiqueta
Sense etiquetes, Sigues el primer a etiquetar aquest registre!

MARC

LEADER 00000cam a2200000 a 4500
001 UCG9260
003 CL-VaPUC
008 120302e20100000CL |||||||||||||||||spa|d
020 |a 9789562847100 
082 0 4 |a 551.483  |b ELL  |2 21 
100 0 |a Elliot Munro, Simon  |e author  |9 560740 
245 1 3 |a El río y la forma: introducción a la geomorfología fluvial 
300 |a 324 p 
942 |c BK 
945 |d 20120302 00:00:00  |a dcastane 
260 |a Santiago  |b RIL  |c 2010 
650 0 |a Geomorfología   |9 261377 
650 0 |a Rios  |9 261760 
650 7 |a RECURSOS DE AGUA  |2 CL-VaPUC  |9 261958 
650 7 |a CORRIENTES DE AGUA  |2 CL-VaPUC  |9 350181 
583 |a last modification  |c 20140106 04:22:23  |k Rodrigo Vera 
999 |c 346821  |d 346819 
952 |0 0  |1 0  |4 0  |6 551_483000000000000_ELL_2010  |7 0  |8 A  |9 447648  |a BIBARQ  |b BIBARQ  |d 2019-11-22  |i 481455K  |l 2  |o 551.483 ELL 2010  |p 481455K  |r 2025-01-20  |s 2024-05-06  |w 2019-11-22  |y BK  |k ARQ 
952 |0 0  |1 0  |3 erb  |4 0  |6 551_483000000000000_ELL_2010  |7 0  |8 A  |9 447649  |a BIBING  |b BIBING  |i 5045932  |l 1  |o 551.483 ELL 2010  |p 5045932  |r 2025-01-20  |s 2022-08-24  |w 2019-11-22  |y BK  |z Catalogado en:20140109  |k GEO 
952 |0 0  |1 0  |3 erb  |4 0  |6 551_483000000000000_ELL_2010  |7 0  |8 A  |9 447650  |a BIBING  |b BIBING  |i 5045940  |l 1  |m 1  |o 551.483 ELL 2010  |p 5045940  |r 2025-01-20  |s 2024-10-01  |w 2019-11-22  |y BK  |z Catalogado en:20140109  |k GEO 
952 |0 0  |1 0  |3 erb  |4 0  |6 551_483000000000000_ELL_2010  |7 0  |8 A  |9 447651  |a BIBING  |b BIBING  |i 529097K  |o 551.483 ELL 2010  |p 529097K  |r 2025-01-20  |w 2019-11-22  |y BK  |z Catalogado en:20160603  |k GEO